02155cam a22002174a 450000100060000000300090000600500170001500800410003202000190007304000230009208200220011524501450013726000360028230000440031850400510036252013900041365000400180365000350184365000280187865000310190615839BD-DhUAP20200222123934.0200222s2010 njua b 001 0 eng  a9780470173596  aDLCcDLCdBD-DhUAP00a690.80218 RES22300aResidential building codes illustrated :ba guide to understanding the 2009 International residential code /cSteven R. Winkel ... [et al.]. aHoboken, N.J. :bWiley,cc2010. ax, 341 pages :billustrations ;c28 cm. aIncludes bibliographical references and index. a"An easy-to-use illustrated guide to building codes for residential structures As the construction industry moves to a single set of international building codes, architects and construction professionals need an interpretive guide to understand how the building code affects the early design of specific projects. This newest addition to Wiley's series of focused guides familiarizes code users with the 2009 International Residential Code(r) (IRC) as it applies to residential buildings. The book provides architects, engineers, and other related building professionals with an understanding of how the International Residential Code was developed, and how it is likely to be interpreted when applied to the design and construction of residential buildings. User-friendly visual format that makes finding the information you need quick and easy. The book's organization follows the 2009 International Residential Code itself. Nearly 900 illustrations, by architectural illustrator Steven Juroszek in the style of noted illustrator and author Frank Ching, visualize and explain the codes. Text written by experienced experts who have been instrumental in gaining acceptance for the new unified building code This book is an essential companion to the IRC for both emerging practitioners and experienced practitioners needing to understand the new IRC"--cProvided by publisher. 0aHouse constructionvSpecifications. 0aHouse constructionxStandards. 0aStandards, Engineering. 0aDwellingsvSpecifications.